000 02170nam a2200409 a 4500
001 ebr10176630
003 CaPaEBR
006 m u
007 cr cn|||||||||
008 070313s2007 dcua sb 001 0 eng
010 _z 2007010770
015 _aGBA748151
_2bnb
016 7 _z013773522
_2Uk
020 _z9780815701323 (cloth : alk. paper)
020 _z0815701322 (cloth : alk. paper)
040 _aCaPaEBR
_cCaPaEBR
035 _a(OCoLC)156858069
043 _aa------
_af------
050 1 4 _aBP163
_b.A3535 2007eb
082 0 4 _a297.09/0511
_222
100 1 _aAhmed, Akbar S.
245 1 0 _aJourney into Islam
_h[electronic resource] :
_bthe crisis of globalization /
_cAkbar Ahmed.
260 _aWashington, D.C. :
_bBrookings Institution Press,
_cc2007.
300 _ax, 323 p. :
_bill.
504 _aIncludes bibliographical references (p. 287-301) and index.
505 0 _aAn anthropological excursion into the Muslim world -- The struggle within Islam -- Tribes, women, and honor in the age of globalization -- Who is defining Islam after 9/11 and why? -- The clash of civilizations? -- Lifting the veil -- Epilogue: the hope of the world.
520 _a"Presents a tour of Islam and its peoples as it follows author's anthropological expedition to the three major regions of the Muslim world--the Middle East, South Asia, and East Asia. Reveals unique information on large, often misunderstood populations, describing the experiences and perceptions of ordinary Muslims, women, and youth"--Provided by publisher.
533 _aElectronic reproduction.
_bPalo Alto, Calif. :
_cebrary,
_d2013.
_nAvailable via World Wide Web.
_nAccess may be limited to ebrary affiliated libraries.
650 0 _aReligious awakening
_xIslam.
650 0 _aIslam
_y21st century.
650 0 _aGlobalization
_xReligious aspects
_xIslam.
650 0 _aIslamic renewal
_zIslamic countries.
651 0 _aIslamic countries
_xDescription and travel.
655 7 _aElectronic books.
_2local
710 2 _aebrary, Inc.
856 4 0 _uhttp://site.ebrary.com/lib/rucke/Doc?id=10176630
_zAn electronic book accessible through the World Wide Web; click to view
999 _c140024
_d140024